01974nam a2200325Ia 450000100060000000300090000600800410001504000130005604000130006904100130008210000250009510000290012024000340014924000350018324500330021824500330025125000110028426000120029526000130030726000490032030000570036950008950042665000240132165000310134594200070137695700060138399900170138999900060140695202360141289867IT-RoPAU130308s9999 xx 000 0 und d aIT-RoPAU cIT-RoPAU aITALIANO aNattiez Jean-Jacques gCodice Aut. SPICS: 3251 aDE LA SEMIOLOGIE a LA MUSIQUE gCodice Tit. Orig. Spics: T2185 aDalla semiologia alla musica bDalla Semiologia Alla Musica a1a ed. aPALERMO bSellerio c1990 [1° Ed.:1990 - Ed.Ling.Originale:1988] a"306 p. (prefazione: no ; testo: 306 [pagine: 0-0])" aPunto di Vista semiologico Concezione saussuriana Semiologia Generale e Concetti Linguistici Alcuni Problemi di Semiologia Funzionale Cronologia Mounin e Saussure Verso la Semiologia comparata Definizioni del Linguaggio Annessionismo Barthesiano Procedimento semiologico di Mounin intenzione di Comunicazione Fonologia e Semiologia Funzionale Levi Strauss Mito e Musica Contenuto e Significato dei Paralleli di Levi Strauss Analisi Trasformazionale e stilistica dall'analisi mitologica All'Analisi Musicale Poetica Strutturale di Nicolas Ruwet Problemi semiologici dell'Analisi delle Ideologie Semiologia e Scienza delle Ideologie Musicali Semiologia Generale e Semiologia Musicale nozione di Interpretante in peirce Morris e nella Semiologia Musicale classificazione dei Segni Riflessioni Sullo Sviluppo della Semiologia Musicale relazione Obliqua tra Musicologo e Compositore Bibliografia aLINGUAGGIO MUSICALE eCodice materia Spics: 7004 cBK 71 c94365d94365 g1 001040689867_00000000000000071aSPICSbSPICSd2013-03-08l0o89867r2013-03-08 00:00:00w2013-03-08yBKzProgressivo inserimento: 47287 / N. Volumi: 1 Copie: 1 / data import: 1 marzo 2013 - By Epidotti, Trombetti, Vaglietti.